|
|
|
|
| LEADER |
00000nam a22000007a 4500 |
| 005 |
20110922131114.0 |
| 008 |
110922s2001 xxu ||||s|||| 00| 0 eng d |
| 020 |
|
|
|a 978-0787-648-770
|
| 035 |
|
|
|a 2733
|
| 040 |
|
|
|a vLex
|
| 090 |
|
|
|c 2532
|d 2532
|
| 245 |
0 |
0 |
|a Supreme Court Drama
|h [Recurso electrn̤ico] :
|b Cases That Changed America
|
| 256 |
|
|
|a Servicio en ln̕ea.
|
| 260 |
|
|
|a Detroit, MI :
|b Gale Group,
|c 2001.
|
| 300 |
|
|
|a 1 recurso electrn̤ico
|
| 506 |
1 |
|
|a Contenido solo disponible en los productos indicados
|d vLex Global
|d vLex Global (Academic Edition, excluding Law Schools)
|d vLex Global (Academic Edition, Law Schools)
|
| 650 |
0 |
4 |
|a Jurisprudencia
|z Estados Unidos de Amřica
|
| 740 |
0 |
|
|a vLex Libros (Servicio en ln̕ea)
|
| 856 |
4 |
0 |
|u http://vlex.com/source/supreme-court-drama-cases-that-changed-america-2733
|z Acceso restringido
|
| 942 |
|
|
|c BOOK
|